Sports Quiz

Random Sports or Football Quiz

Football Club Logos ( Close Up ) Quiz Stats

 Plays Quiz not verified by Sporcle

Challenge
Share
Tweet
Score 0/214 Timer 20:00
0 Plays Today
% Correct
Arsenal
98.6%
Aston Villa
95%
Chelsea
91.4%
Manchester City
88.5%
Manchester United
88.5%
Stoke City
86.3%
Everton
85.6%
Newcastle United
84.9%
Queens Park Rangers
83.5%
West Ham United
83.5%
Leicester City
82%
Sunderland
82%
Swansea City
81.3%
Hull City
80.6%
Liverpool
80.6%
Southampton
79.9%
Tottenham Hotspur
79.9%
Crystal Palace
79.1%
West Bromwich Albion
76.3%
Burnley
75.5%
Watford
74.1%
Cardiff City
73.4%
Middlesbrough
72.7%
Charlton Athletic
72.7%
Derby County
71.9%
Norwich City
71.9%
Fulham
71.9%
Wigan Athletic
71.2%
Blackpool
70.5%
Blackburn Rovers
69.8%
Reading
69.8%
Brentford
69.1%
Leeds
69.1%
Preston North End
67.6%
Brighton Hove and Albion
66.9%
Nottingham Forest
65.5%
Bristol City
64.7%
Ipswich Town
64%
Swindon Town
64%
Sheffield United
64%
Walsall
64%
Oldham Athletic
62.6%
Wolves
61.9%
Bolton Wanderers
61.9%
Birmingham City
60.4%
Port Vale
60.4%
Bournemouth
59.7%
Sheffield Wednesday
59%
MK Dons
58.3%
Newport County
57.6%
Millwall
56.8%
Wycombe Wanderers
56.8%
Scunthorpe United
56.1%
Portsmouth
56.1%
Crewe Alexandra
54%
Real Madrid
53.2%
Barcelona
53.2%
Shrewsbury Town
52.5%
Southend United
52.5%
Leyton Orient
51.8%
Luton Town
51.8%
Nantes
51.8%
Crawley Town
51.1%
Valencia
51.1%
Rochdale
50.4%
Monaco
50.4%
Malaga
50.4%
Huddersfield Town
49.6%
Doncaster Rovers
49.6%
Barnsley
49.6%
Olympique Lyon
49.6%
Marseille
48.9%
% Correct
Carlisle United
48.2%
Nice
48.2%
Peterborough United
47.5%
Saint Etienne
47.5%
Bastia
47.5%
Wolfsburg
47.5%
Colchester United
46.8%
Stevenage
46.8%
Bordeaux
46.8%
Stade Rennais
46.8%
Atletico Madrid
46.8%
Levante
46.8%
Bayern Munich
46.8%
Rotherham United
46%
Coventry City
46%
Cheltenham Town
46%
Schalke
45.3%
Chesterfield
44.6%
Bradford City
44.6%
Espanyol
44.6%
Bayer Leverkusen
43.9%
Lille
43.2%
Lorient
43.2%
Hoffenheim
43.2%
Fleetwood Town
42.4%
Sevilla
42.4%
Notts County
41.7%
Plymouth Argyle
41%
Oxford United
41%
Yeovil Town
40.3%
Exeter City
40.3%
Borussia Dortmund
40.3%
Koln
39.6%
Werder Bremen
38.8%
Hannover
38.8%
Toulouse
38.1%
Villarreal
38.1%
Real Sociedad
38.1%
Real Betis
38.1%
Hertha Berlin
38.1%
Stuttgart
38.1%
Ajax
38.1%
Cambridge United
37.4%
Dagenham and Redbridge
37.4%
Montpellier
37.4%
Caen
37.4%
Galatasaray
37.4%
Wimbledon
36.7%
Accrington Stanley
36%
Anderlecht
35.3%
PSV Eindhoven
35.3%
York City
34.5%
Hamburger
34.5%
Olympiakos
33.8%
Feyenoord
33.8%
Besiktas
33.1%
Gillingham
32.4%
Northampton Town
32.4%
Morecambe
32.4%
Lens
32.4%
Getafe
32.4%
LA Galaxy
32.4%
Burton Albion
31.7%
Mansfield Town
31.7%
Basel
31.7%
Paris Saint German
30.2%
CSKA Moscow
30.2%
Toronto
30.2%
Borussia Monchengladbach
29.5%
Fenerbahce
29.5%
Guingamp
28.8%
Augsburg
28.8%
% Correct
Club Brugge
28.8%
Young Boys
28.8%
Hartlepool United
28.1%
Eintracht Frankfurt
28.1%
Paok
28.1%
Salzburg
28.1%
Seattle Sounders
28.1%
Celtic
28.1%
Stade Reims
27.3%
Metz
27.3%
Ajaccio
27.3%
Zenit St-Petersburg
27.3%
Rangers
26.6%
Bury
25.9%
Mainz
25.9%
Zurich
25.9%
Chicago Fire
25.9%
Aberdeen
25.9%
Juventus
25.2%
Tranmere Rovers
24.5%
Freiburg
24.5%
Lokomotiv Moscow
24.5%
New England
24.5%
Roma
24.5%
Bursaspor
23.7%
Genk
23%
Napoli
23%
San Jose Earthquakes
22.3%
Lazio
22.3%
Spartak Moscow
21.6%
Boca Juniors
21.6%
Fiorentina
21.6%
Real Zaragoza
20.9%
Anzhi
20.9%
Hearts
20.9%
Santos
20.9%
Torino
20.9%
Evian
19.4%
Atletico Bilbao
19.4%
Inter Milan
19.4%
Milan
19.4%
Dinamo Moscow
18.7%
River Plate
18.7%
Genoa
18%
Sampdoria
18%
Udinese
18%
Rubin Kazan
17.3%
Palermo
17.3%
Atalanta
17.3%
Sassuolo
16.5%
Hellas Verona
16.5%
Porto
16.5%
Empoli
15.8%
Benfica
15.8%
Cercle Brugge
15.1%
America
14.4%
Parma
12.9%
Cagliari
12.2%
Bologna
12.2%
Catania
12.2%
Braga
10.8%
Flamengo
10.1%
Maribor
10.1%
Partizan Belgrade
9.4%
Shakhtar Donetsk
9.4%
Cesena
8.6%
Dynamo Kyiv
7.9%
Sporting Club
6.5%
Dnipro
6.5%
Tromso
5%

You're not logged in!

Compare scores with friends on all Sporcle quizzes.
OR
Log In

You Might Also Like...

Show Comments

Extras

Created Feb 19, 2015ReportNominate
Tags:Football Quiz, close, club

Top Quizzes Today


Score Distribution

Your Account Isn't Verified!

In order to create a playlist on Sporcle, you need to verify the email address you used during registration. Go to your Sporcle Settings to finish the process.

Report this User

Report this user for behavior that violates our Community Guidelines.

Details: